Statistics for Is being gay legal in these countries?

Click here to take the quiz!

General Stats

  • This quiz has been taken 86 times
  • The average score is 14 of 20

Answer Stats

QuestionAnswer% Correct
United StatesLegal
100%
BrazilLegal
94%
GreeceLegal
89%
South AfricaLegal
89%
IsraelLegal
85%
Saudi ArabiaIllegal, with capital punishment
82%
EgyptIllegal, with imprisonment
76%
TunisiaIllegal, with imprisonment
68%
VietnamLegal
68%
MalaysiaIllegal, with imprisonment
67%
IndiaLegal
66%
TanzaniaIllegal, with imprisonment
65%
TurkeyLegal
62%
BangladeshIllegal, with imprisonment
60%
MongoliaLegal
58%
UAEIllegal, with capital punishment
55%
MauritaniaIllegal, with capital punishment
54%
MadagascarLegal
42%
NigeriaIllegal, with capital punishment
39%
DRCLegal
29%

Score Distribution

Percentile by Number Answered

Percent of People with Each Score

Your Score History

You have not taken this quiz